Markets and merchants of the late seventeenth century : the Marescoe-David letters, 1668-1680

Αποθηκεύτηκε σε:
Λεπτομέρειες βιβλιογραφικής εγγραφής
Κύριος συγγραφέας: Marescoe, Charles
Άλλοι συγγραφείς: David, Jacob, Roseveare, Henry (Μεταφραστής)
Μορφή: Βιβλίο
Γλώσσα:English
Δημοσίευση: New York : Oxford University Press, 1991
Σειρά:Records of social and economic history ; ; 12
Θέματα:
Ετικέτες: Προσθήκη ετικέτας
Δεν υπάρχουν, Καταχωρήστε ετικέτα πρώτοι!

MARC

LEADER 00000nam a2200000 i 4500
001 1/7142
008 960724s1991 eng d
020 |a 0-19-726106-X 
035 |l 10016600 
040 |a GR-MY-UA  |b gre  |e aacr 
041 0 |a eng 
082 0 |a 380.10922 
100 0 |a Marescoe, Charles. 
245 1 0 |a Markets and merchants of the late seventeenth century :  |b the Marescoe-David letters, 1668-1680 /  |c Selected and edited with an introduction by Henry Roseveare 
260 |a New York :   |b Oxford University Press,   |c 1991 
300 |a 668 p.  |b tabl., fig. 
490 1 |a Records of social and economic history  |v ; 12 
504 |a Includes index 
600 0 0 |a David Jacob. 
600 0 0 |a Marescoe Charles. 
650 0 0 |a Merchants  |z Europe  |x Biography. 
650 0 0 |a Commerce  |x History  |y 17th century. 
700 0 |a David, Jacob. 
700 1 |a Roseveare, Henry.  |4 trl 
830 0 |a Records of social and economic history ;  |v ; 12 
852 |a INST  |b LESVOS  |e 19960724  |h 380.10922 MAR  |p 005100006437  |q 005100006437  |t BK  |y 0 
909 |a Λ  |b 033876 
922 |a 1ΕΛΗ  |b 199312  |c ΚΑΡΑΒΑΣ